000
00295nam a2200109Ia 4500
008
230907s9999||||xx |||||||||||||| ||und||
082
_a
333.7,GXU
100
_a
Xu, Jiuping
_9
115088
245
0
_a
Innovative approaches towards low carbon economics :
300
_a
xxvii, 436 pages :
942
_c
BK
999
_c
597552
_d
597552